| 000 -NÁVESTIE |
| fixed length control field |
01203nab a2200313 4500 |
| 001 - EVIDENČNÉ ČÍSLO ZÁZNAMU - Kontrolné číslo |
| control field |
vtls012239766 |
| 005 - DÁTUM A ČAS POSLEDNEJ TRANSAKCIE |
| control field |
20251024081405.0 |
| 008 - ÚDAJE S PEVNOU DĹŽKOU – VŠEOBECNÉ INFORMÁCIE |
| fixed length control field |
230920|2016 xo |||| ||an ||00 0|slo d |
| 040 ## - ZDROJ KATALOGIZÁCIE |
| Pôvodná katalogizujúca agentúra |
SPKCL |
| Jazyk katalogizácie |
slo |
| Konvencie popisu |
rda |
| Prepisujúca agentúra |
sk |
| 041 ## - KÓD JAZYKA |
| Kód jazyka textu/zvukovej stopy alebo samostatných nápisov |
slo |
| Kód jazyka zhrnutia alebo abstraktu/titulkov alebo nápisov |
slo |
| 044 ## - KÓD KRAJINY VYDAVATEĽA/PRODUCENTA |
| Kód krajiny MARC |
xo |
| Kód krajiny ISO |
SK |
| 072 #7 - KÓD PREDMETOVEJ KATEGÓRIE |
| Kód predmetovej kategórie |
37 |
| Pododdiel kódu predmetovej kategórie |
Výchova a vzdelávanie |
| Zdroj |
konspekt |
| 080 ## - ČÍSLO MEDZINÁRODNÉHO DESATINNÉHO TRIEDENIA (MDT) |
| Číslo Medzinárodného desatinného triedenia (MDT) |
37.01/.09:364-214(=214.58) |
| Identifikátor vydania |
2011 |
| 080 ## - ČÍSLO MEDZINÁRODNÉHO DESATINNÉHO TRIEDENIA (MDT) |
| Číslo Medzinárodného desatinného triedenia (MDT) |
37.043.2:373.3 |
| Identifikátor vydania |
2011 |
| 100 1# - OSOBNÉ MENÁ – VŠEOBECNÉ INFORMÁCIE |
| Osobné meno |
Facuna, Jozef |
| -- |
5116 |
| 245 10 - NÁZOV |
| Názov |
Interkultúrnym vzdelávaním v základnej škole k sociálnej inklúzii žiakov z rómskych komunít |
| Údaj o zodpovednosti atď. |
Jozef Facuna |
| 300 ## - FYZICKÝ POPIS |
| Ďalšie fyzické detaily |
Grafy, fotografie, tabuľky |
| 336 ## - TYP OBSAHU |
| Typ obsahu - termín |
text |
| Typ obsahu - kód |
txt |
| Zdroj |
rdacontent |
| 337 ## - TYP MÉDIA |
| Typ média - termín |
bez média |
| Typ média - kód |
n |
| Zdroj |
rdamedia |
| 338 ## - TYP NOSIČA |
| Typ nosiča - termín |
zväzok |
| Typ nosiča - kód |
nc |
| Zdroj |
rdacarrier |
| 546 ## - POZNÁMKA O JAZYKU |
| Poznámka o jazyku |
Anglické a slovenské resumé |
| 650 07 - PRIDANÝ VSTUP – PREDMET – TEMATICKÉ HESLO |
| Tematické heslo alebo geografický názov ako vstupný prvok |
interkultúrna výchova |
| Zdroj hesla alebo termínu |
SNKPH |
| -- |
5117 |
| 650 07 - PRIDANÝ VSTUP – PREDMET – TEMATICKÉ HESLO |
| Tematické heslo alebo geografický názov ako vstupný prvok |
základné školy |
| Zdroj hesla alebo termínu |
SNKPH |
| -- |
5118 |
| 650 07 - PRIDANÝ VSTUP – PREDMET – TEMATICKÉ HESLO |
| Tematické heslo alebo geografický názov ako vstupný prvok |
integrovaná výchova a vzdelávanie |
| Zdroj hesla alebo termínu |
SNKPH |
| -- |
5119 |
| 650 07 - PRIDANÝ VSTUP – PREDMET – TEMATICKÉ HESLO |
| Tematické heslo alebo geografický názov ako vstupný prvok |
Rómovia |
| Zdroj hesla alebo termínu |
SNKPH |
| -- |
5120 |
| 655 #7 - INDEXAČNÝ TERMÍN – ŽÁNER/FORMA |
| Údaje o žánri/forme alebo termín, ktorý je prvok fazety |
BZB |
| Zdroj termínu |
SNKPH |
| -- |
5121 |
| 773 0# - VÄZBA NA HOSTITEĽSKÝ DOKUMENT / OBJEKT |
| Názov |
Spolu s Rómami dosiahneme viac : zborník príspevkov z medzinárodnej vedeckej konferencie |
| Miesto, vydavateľ a dátum vydania |
Bratislava : Štátny pedagogická ústav, 2016 |
| Informácia o vzťahu |
S. 26-35 |
| Medzinárodné štandardné číslo knihy (ISBN) |
9788081181702 |
| 958 ## - Formálny deskriptor |
| Formálny deskriptor |
NB |